U.S. Secretaries of State by picture - Statistics

General Stats
  • This quiz has been taken 48 times
  • The average score is 11 of 20
Answer Stats
Picture Answer % Correct
Henry Kissinger
95%
Hillary Clinton
88%
Condoleezza Rice
86%
Colin Powell
81%
John Kerry
81%
James Madison
74%
Thomas Jefferson
71%
Anthony Blinken
67%
Madeleine Albright
67%
Mike Pompeo
52%
John Quincy Adams
48%
Rex Tillerson
45%
Alexander Haig
40%
George C. Marshall
40%
George Schultz
40%
James Baker
38%
John Foster Dulles
29%
Henry Clay
26%
Cordell Hull
14%
Dean Acheson
14%
No matching quizzes found
Score Distribution
Percent of People with Each Score
Percentile by Number Answered
Your Score History
You have not taken this quiz